Online
Catalog

¿Cómo emprender siendo empleado? : (Record no. 51618)

MARC details
000 -CABECERA
campo de control de longitud fija 01561nam a22002417a 4500
003 - IDENTIFICADOR DEL NÚMERO DE CONTROL
campo de control DO-SdBNP
005 - FECHA Y HORA DE LA ÚLTIMA TRANSACCIÓN
campo de control 20220429092212.0
008 - DATOS DE LONGITUD FIJA--INFORMACIÓN GENERAL
campo de control de longitud fija 110301s2021 dr ad 000 0 spa d
020 ## - NÚMERO INTERNACIONAL ESTÁNDAR DEL LIBRO
Número Internacional Estándar del Libro 9789945628166
040 ## - FUENTE DE LA CATALOGACIÓN
Centro catalogador/agencia de origen DO-SdBNP
Lengua de catalogación spa
Centro/agencia transcriptor BNPHU
082 #4 - NÚMERO DE LA CLASIFICACIÓN DECIMAL DEWEY
Número de clasificación xxxx
Número de documento/Ítem O34c
100 1# - ENTRADA PRINCIPAL--NOMBRE DE PERSONA
Nombre de persona Ogando, Alex
9 (RLIN) 53018
245 10 - MENCIÓN DE TÍTULO
Título ¿Cómo emprender siendo empleado? :
Resto del título el problema no es el empleo, sino que esa sea tu única fuente de ingresos /
Mención de responsabilidad, etc. Alex Ogando ; prólogo Ezequiel Díaz
260 ## - PUBLICACIÓN, DISTRIBUCIÓN, ETC.
Lugar de publicación, distribución, etc. Santo Domingo :
Nombre del editor, distribuidor, etc. Bien - etre,
Fecha de publicación, distribución, etc. 2021.
300 ## - DESCRIPCIÓN FÍSICA
Extensión 170 p. :
Otras características físicas il., graf.
Dimensiones 22 cm.
500 ## - NOTA GENERAL
Nota general Incluye datos biográficos del autor.
504 ## - NOTA DE BIBLIOGRAFÍA, ETC.
Nota de bibliografía, etc. Bibliografía P: 165
505 ## - NOTA DE CONTENIDO CON FORMATO
Título Dedicatoria --
-- Agradecimientos --
-- Prólogo --
Información miscelánea Capitulo 1 --
Título Razones por las que algunos empleados no emprenden --
Información miscelánea Capítulo 2 --
Título Lo que debes saber antes de emprender --
Información miscelánea Capítulo 3 --
Título Ética y transparencia del empleado que emprende --
Información miscelánea Capítulo 4 --
Título 10 ideas de negocio que puedes desarrollar paralelo a tu empleo, con poco capital --
Información miscelánea Capítulo 5 --
Título Manejo efectivo del tiempo del empleado que emprende --
Información miscelánea Capítulo 6 --
Título La mentalidad del empleado y del emprendedor --
Información miscelánea Capítulo 7 --
Título 5 miedos que pueden neutralizarte al intentar emprender siendo empleado --
Información miscelánea Capítulo 8 --
Título Sácale el mayor provecho al empleo --
Información miscelánea Capítulo 9 --
Título La importancia de saber vender --
Información miscelánea Capítulo 10 --
Título ¿Cuándo me dedico 100% al negocio y dejo el empleo? --
590 ## - NOTA LOCAL (RLIN)
Nota local Inventariado, 2022/ YL
700 12 - PUNTO DE ACCESO ADICIONAL--NOMBRE DE PERSONA
Nombre de persona Díaz, Ezequiel
Término indicativo de función/relación prol.
9 (RLIN) 81525
910 ## - DATOS DE OPCIÓN DEL USUARIO (OCLC)
Datos de opción del usuario YLockward
942 ## - ELEMENTOS DE PUNTO DE ACCESO ADICIONAL (KOHA)
Fuente del sistema de clasificación o colocación Dewey Decimal Classification
Tipo de ítem Koha Libro
Holdings
Estado de retiro Estado de pérdida Fuente del sistema de clasificación o colocación Restricciones de uso No para préstamo Código de colección Localización permanente Ubicación/localización actual Ubicación en estantería Fecha de adquisición Fuente de adquisición Total de préstamos Signatura topográfica completa Código de barras Fecha visto por última vez Precio válido a partir de Tipo de ítem Koha Número de copia
    Dewey Decimal Classification Préstamo restringido   Patrimonio Dominicano Biblioteca Nacional Pedro Henríquez Ureña Biblioteca Nacional Pedro Henríquez Ureña En catalogación 10.02.2022 Bien etre editora   xxxx O34c 2022-1685 29.04.2022 29.04.2022 Libro  
    Dewey Decimal Classification Préstamo restringido   Patrimonio Dominicano Biblioteca Nacional Pedro Henríquez Ureña Biblioteca Nacional Pedro Henríquez Ureña En catalogación 10.02.2022 Bien etre editora   xxxx O34c 2022-1686 29.04.2022 29.04.2022 Libro e. 2
    Dewey Decimal Classification Préstamo en sala   Patrimonio Dominicano Biblioteca Nacional Pedro Henríquez Ureña Biblioteca Nacional Pedro Henríquez Ureña En catalogación 10.02.2022 Bien etre editora   xxxx O34c 2022-1687 29.04.2022 29.04.2022 Libro e. 3

Powered by Koha